Statistics for Random Name a Valid European Country

Click here to take the quiz!

General Stats

  • This quiz has been taken 2,407 times
  • The average score is 17 of 20

Answer Stats

Name a country that...Country% Correct
Starts with the letter BBelarus | Belgium | Bosnia and Herzegovina | Bulgaria
99%
Has over 100 fjordsDenmark | Iceland | Norway
98%
Has a population under 100,000Andorra | Liechtenstein | Monaco | San Marino | Vatican City
97%
Borders UkraineBelarus | Hungary | Moldova | Poland | Romania | Russia | Slovakia
97%
Has coastline on the Black SeaBulgaria | Romania | Russia | Turkey | Ukraine
97%
Are Nordic CountriesDenmark | Finland | Iceland | Norway | Sweden
97%
End with -landFinland | Iceland | Ireland | Poland | Switzerland
96%
Has over 50 million residentsFrance | Germany | Italy | Russia | United Kingdom
96%
Are in the first ten countries alphabeticallyAlbania | Andorra | Austria
95%
Has won a Men's FIFA World CupFrance | Germany | Italy | Spain | United Kingdom
95%
Borders BelgiumFrance | Germany | Luxembourg | Netherlands
95%
Has more than 80 million touristsFrance | Spain
95%
Has coastline on the Norwegian SeaIceland | Norway
95%
Borders GreeceAlbania | Bulgaria | North Macedonia | Turkey
94%
Shares a less than 200 kilometer border with GermanyBelgium | Denmark | Luxembourg
94%
Borders LuxembourgBelgium | France | Germany
94%
Borders NorwayFinland | Russia | Sweden
94%
Located entirely on islandsIceland | Ireland | Malta | United Kingdom
94%
Is five letters longItaly | Malta | Spain
94%
Borders BelarusLatvia | Lithuania | Poland | Russia | Ukraine
94%
Has territory in the AlpsAustria | France | Germany | Italy | Liechtenstein | Switzerland
93%
Borders Russia for more than 1,000 kilometersFinland | Ukraine
93%
Has more than 10,000 kilometers in coastlineGreece | Norway | Russia | United Kingdom
93%
Starts with NNetherlands | North Macedonia | Norway
93%
Borders SwitzerlandAustria | France | Germany | Italy | Liechtenstein
92%
Its capital starts with VAustria | Liechtenstein | Lithuania | Malta | Vatican City
92%
Its name is two or more words on Google MapsBosnia and Herzegovina | North Macedonia | San Marino | United Kingdom | Vatican City
92%
Has over 3,000 kilometers of coastline but less than 75,000 square kilometers of areaCroatia | Denmark | Estonia |
92%
Has land above the Arctic CircleFinland | Iceland | Norway | Russia | Sweden
92%
Produces more than 50 kilograms of wine per personFrance | Italy | Portugal | Spain
92%
Makes up for over 5% of the continents areaFrance | Russia | Spain | Ukraine
92%
Has a megacity (Urban Area)France | Russia | Turkey | United Kingdom
92%
Has more than 40 billionairesGermany | Russia | United Kingdom
92%
Has more than 2 cities above 1 million population (City Proper)Germany | Russia | United Kingdom | Ukraine
92%
Its capital is the same name as the countryLuxembourg | Monaco | San Marino | Vatican City
92%
Is completely surrounded by another countrySan Marino | Vatican City
92%
Has more than 8 or more bordersAustria | France | Germany | Russia | Serbia
91%
Are three countries that have the most % of their territory in the AlpsAustria | Liechtenstein | Switzerland
91%
Border another country through bridge or tunnelDenmark | France | Sweden | United Kingdom
91%
Has an average yearly temperature below 2 degrees CelsiusFinland | Iceland | Norway | Russia
91%
Has a large island in the Baltic SeaDenmark | Estonia | Finland | Germany | Sweden
90%
That produced more the 20 million metric tonnes of wheat in 2018France | Germany | Russia | Ukraine
90%
Has a coastal city on the Mediterranean that has a population of over 1 million residentsFrance | Greece | Italy | Spain
90%
Has been second or first in the Rugby World CupFrance | United Kingdom
90%
Starts with LLatvia | Liechtenstein | Lithuania | Luxembourg
90%
That hosts 4 or more ATP tennis tournamentsFrance | Germany | United Kingdom
89%
Has an island with a surface area over 3,000 square miles that is not an island countryFrance | Greece | Italy | Norway | Russia
89%
Is one of the starting points of the Channel TunnelFrance | United Kingdom
88%
Borders Russia for less than 250 kilometersLithuania | Norway | Poland
88%
Borders TurkeyBulgaria | Greece
87%
Is in the top 5 of countries that have the most Minecraft usersFrance | Germany | United Kingdom
87%
Only has one borderDenmark | Ireland | Monaco | Portugal | United Kingdom | Vatican City
86%
Has over 200 inhabited islandsFinland | Greece | Norway | Sweden
86%
Has more bikes than peopleNetherlands
86%
Is one word and more than 10 letters longLiechtenstein | Netherlands | Switzerland
85%
That has more than 15 rugby players per 1000 peopleAndorra | Ireland | Malta | Monaco | United Kingdom
84%
Is less than 250 kilometers away from Africa (No overseas territories like Gibraltar)Italy | Portugal | Spain
84%
Have a population of over 10 million and did not take part in either World War (Modern-Day Countries)Czech Republic | Spain | Sweden | Ukraine
83%
Has over 100,000 islandsFinland | Norway | Sweden
83%
Has a highest elevation of over 4 kilometersFrance | Italy | Russia | Switzerland
83%
That has a cities above 1 million population that ends in -burg (City Proper)Germany | Russia
82%
Has an average yearly temperature above 15 degrees CelsiusMalta | Portugal
82%
Gained independence after 1991Bosnia and Herzegovina | Czech Republic | Kosovo | Montenegro | Slovakia
81%
Has a bridge that is 12 kilometers or longerGermany | Portugal | Russia
81%
Has its capital on the Danube RiverAustria | Hungary | Serbia | Slovakia
79%
Are landlocked and have 100% of their area on the Balkan peninsulaKosovo | North Macedonia
79%
Countries Bordering Russia's Kaliningrad OblastLithuania | Poland
79%
Has a port city on the Black Sea with over 400,000 residentsRomania | Ukraine
79%
Has a lake of over 4,000 square kilometersFinland | Russia | Sweden
78%
Has more than 30 national parksFinland | Norway | Russia
77%
Is under 1,000 square kilometers and has a coastal capital cityMalta | Monaco
77%
Has 0 kilometers in total border lengthIceland | Malta
76%
Is in the top 10 countries by population densityMalta | Monaco | Vatican City
76%
Are on the Iberian peninsulaPortugal | Spain
76%
Has coastline on the Adriatic SeaAlbania | Bosnia and Herzegovina | Croatia | Italy | Montenegro | Slovenia
75%
Has an overseas territory that is larger than it in areaDenmark
75%
Is doubly landlockedLiechtenstein
73%
Have a coastline of under 50 kilometersBosnia and Herzegovina | Monaco | Slovenia
72%
Its capital starts with a letter after V in the alphabetCroatia | Poland
72%
Have less than 20 people per square kilometerFinland | Iceland | Norway
72%
Has coastline on the Bay of BiscayFrance | Spain
72%
Is in the top five countries by GDP per capitaLiechtenstein | Luxembourg | Monaco
72%
Has its capital on the border with another countryLiechtenstein | Monaco | Slovakia | Vatican City
72%
Joined the EU after 2007Bulgaria | Croatia | Romania
71%
Has a city over 100,000 residents named "Brest"Belarus | France
69%
Is over 60% forestEstonia | Finland | Latvia | Slovenia | Sweden
69%
Has an average elevation of 1 kilometer or higherAndorra | Montenegro | Switzerland
68%
That are under 50,000 square kilometers and fought in a World WarBelgium | Denmark | Estonia | Netherlands
64%
Has a population of between 3 million and 5 millionBosnia and Herzegovina | Croatia | Ireland
63%
Has only 1 billionaireBelgium | Hungary | Iceland | Liechtenstein | Portugal
62%
Has more than 800 cars per 1,000 peopleIceland | Monaco | San Marino
62%
Has more than 50% of foreign born residentsAndorra | Liechtenstein | Monaco
61%
Has a highest elevation of under 200 metersDenmark | Monaco | Vatican City
61%
Has a area of between 40,000 and 50,000 square kilometersDenmark | Estonia | Netherlands | Slovakia | Switzerland
50%
Are more than 80% farmlandHungary | Moldova | San Marino
40%
Is in between 20,000 and 30,000 square kilometersAlbania | North Macedonia | Slovenia | Turkey
35%
Is a one word country that as 5 syllablesLithuania
34%
Has mainland land at 35° NMalta
24%

Score Distribution

Percentile by Number Answered

Percent of People with Each Score

Your Score History

You have not taken this quiz